মহাযোগী শ্রীঅরবিন্দ / (Record no. 64885)
[ view plain ]
| 000 -LEADER | |
|---|---|
| fixed length control field | 00861nam a2200217 a 4500 |
| 001 - CONTROL NUMBER | |
| control field | 64885 |
| 003 - CONTROL NUMBER IDENTIFIER | |
| rucl marc code | BD-RjUL |
| 005 - DATE AND TIME OF LATEST TRANSACTION | |
| control field | 20211209081350.0 |
| 008 - FIXED-LENGTH DATA ELEMENTS--GENERAL INFORMATION | |
| fixed length control field | 170223s1963 ii ||||| |||| 00| 0 eng d |
| 035 ## - SYSTEM CONTROL NUMBER | |
| System control number | (BD-RjUL)65015 |
| 040 ## - CATALOGING SOURCE | |
| Original cataloging agency | BD-RjUL |
| Language of cataloging | ben |
| Transcribing agency | BD-RjUL |
| Modifying agency | BD-RjUL |
| 041 ## - LANGUAGE CODE | |
| Language code of text/sound track or separate title | ben |
| 082 ## - DEWEY DECIMAL CLASSIFICATION NUMBER | |
| Edition number | 23 |
| Classification number | 370.92 |
| Author mark and year | GUM 1963 |
| 100 1# - MAIN ENTRY--PERSONAL NAME | |
| Personal name | গুহরায়, নগেন্দ্র কুমার |
| 9 (RLIN) | 184876 |
| 245 ## - TITLE STATEMENT | |
| Title | মহাযোগী শ্রীঅরবিন্দ / |
| Statement of responsibility, etc. | নগেন্দ্র কুমার গুহরায় |
| 260 ## - PUBLICATION, DISTRIBUTION, ETC. (IMPRINT) | |
| Place of publication, distribution, etc. | কলিকাতা : |
| Name of publisher, distributor, etc. | শ্রীগুরু লাইব্রেরী, |
| Date of publication, distribution, etc. | ১৯৬৩ [১৩৭০] |
| 300 ## - PHYSICAL DESCRIPTION | |
| Pagination | ২২২ পৃ. ; |
| Size | ২২ সেমি. |
| 650 ## - SUBJECT ADDED ENTRY--TOPICAL TERM | |
| Topical term or geographic name as entry element | শিক্ষাবীদ |
| Form subdivision | জীবনী |
| 9 (RLIN) | 170385 |
| Topical term or geographic name as entry element | Educationalist |
| Form subdivision | Biography |
| 9 (RLIN) | 170386 |
| 942 ## - ADDED ENTRY ELEMENTS (KOHA) | |
| Source of classification or shelving scheme | Dewey Decimal Classification |
| Koha item type | Books |
| Lost status | Source of classification or shelving scheme | Damaged status | Not for loan | Collection code | Permanent Location | Current Location | Shelving location | Date acquired | Source of acquisition | Cost, normal purchase price | Total Checkouts | Full call number | Date last seen | Copy number | Koha item type |
|---|---|---|---|---|---|---|---|---|---|---|---|---|---|---|---|
| Dewey Decimal Classification | Not For Loan | Non-fiction | Central Library, University of Rajshahi | Central Library, University of Rajshahi | Reading Room | 13/01/1965 | Ideal Library, Dhaka | 6.06 | B 370.92 GUM 1963 | 23/02/2017 | C-1 | Books |